| 000 | 00488nam a22001817a 4500 | ||
|---|---|---|---|
| 003 | OSt | ||
| 005 | 20240215124718.0 | ||
| 008 | 170515t xxu||||| |||| 00| 0 eng d | ||
| 020 | _a9783937718460 | ||
| 040 | _c0 | ||
| 082 |
_a720.952135 _bTOK |
||
| 245 | 0 | 0 | _aTokyo architecture & design. |
| 260 |
_aLondon; _bDaab, _c2005. |
||
| 300 |
_a237p.: _bill; _c32 cm. |
||
| 651 |
_aInterior decoration _9120468 |
||
| 651 |
_aArchitecture _9120371 |
||
| 942 |
_2ddc _cBK _aSADA _k720.952135 TOK 2005 |
||
| 999 |
_c607775 _d607775 |
||